00792nam a2200217 a 450000100100000000500170001000800410002704000250006808200170009310000400011024500770015026000280022730000210025549000160027665000400029265000430033270000440037583000230041995201150044299900170055700004362620201002044903.0140331s1970 sp 000 0 spa d aDO-SdBNPbspacBNPHU a863.3bT585p1 aTimoneda, Juan ded1518-158397145610aEl patrañuelo /cJuan de Timoneda; prólogo Joaquín del Moral Ruiz. aMadrid :bLibra,c1970. a179 p. ;c17 cm.1 aPurpurav22 4aNovela españolaySIGLO XVI915948 4aLiteratura españolaySIGLO XVI9868812aMoral Ruiz, Joaquín deleprol.912826 0aPurpuran22971457 001050718MOaGRbGRcCTd2014-03-31iLF1l0o863.3 T585pp43626-10r2020-06-25w2020-06-25y1ZNo se presta c43115d43115